000 nam a22 7a 4500
999 _c129508
_d129508
008 190430b xxu||||| |||| 00| 0 eng d
050 _aBV213.S94 1968
100 _aMooney, Christopher F. (ed.)
_946088
245 _aPrayer:
_bthe problem of dialogue with God
_c/ edited by Christopher F. Mooney
260 _aNew York:
_bPaulist Press:
_cc1969.
300 _av, 138p. ;
_c21cm.
650 _aPrayer
_946102
942 _2lcc
_cMONOGRAPH